| 000 | 00653cam a22001814a 4500 | ||
|---|---|---|---|
| 005 | 20250605163935.0 | ||
| 008 | 250528s ||||||||||||||||||||||||d | ||
| 035 | _a14826 | ||
| 040 |
_aGR-AtMCL _bgre _dGR-AtMCL _eAACR2 |
||
| 245 | 1 | _aΓια μια Θεωρία των Μέσων Επικοινωνίας | |
| 260 |
_bΕπίκουρος, _c1981 |
||
| 300 | _a64 | ||
| 520 | _aΜια εικονοκλαστική προσέγγιση στο ακανθώδες σύμπλεγμα των μέσων επικοινωνίας. | ||
| 700 | 1 |
_aΈντσενσμπεργκερ Μάγνους Χάνς _9591 |
|
| 942 | _cBK | ||
| 999 |
_c440 _d440 |
||